| 000 | 00855cam a2200217 4500 | ||
|---|---|---|---|
| 001 | WB3644-12 | ||
| 008 | 000000n2000 000 0 eng u | ||
| 035 | _a(Sirsi) u109182 | ||
| 245 | _aOut-of-town retail boom versus urban regeneration | ||
| 260 | _c2000 | ||
| 490 |
_aYorkshire Post _v 7 November 2000, 22(2) |
||
| 520 | _aExamines the increase of retail and other development at motorway junctions and considers the increasing dichotomy between governmental planning policy on out-of-town retailing and perceived consumer convenience and retailers attempts to upsize. Uses Leeds as a case study. | ||
| 590 | _aWB | ||
| 650 | _aRETAIL PARKS | ||
| 650 | _aPLANNING POLICY | ||
| 650 | _aSUPERSTORES | ||
| 650 | _aOUT-OF-TOWN RETAIL DEVELOPMENT | ||
| 650 | _aMOTORWAYS | ||
| 690 | _aPROPERTY-COMMERCIAL PROPERTY-RETAIL PROPERTY | ||
| 942 | _n0 | ||
| 999 |
_c65183 _d65183 |
||